LEADER 01143nam0 22002891i 450 001 RML0264608 005 20231121125721.0 010 $a884490229X 100 $a20121121d2002 ||||0itac50 ba 101 | $aita 102 $ait 181 1$6z01$ai $bxxxe 182 1$6z01$an 200 1 $a˜Il œcredito agli enti locali in Italia e in Europa$eCassa Depositi e Prestiti, banche pubbliche e private, mercato finanziario$fMaria Teresa Salvemini 210 $aRoma $cEdibank $dİ2002 215 $a154 p.$cgrafici$d24 cm 606 $aBanche$xItalia$2FIR$3RMLC007393$9I 676 $a332.10945$9$v21 700 1$aSalvemini$b, Maria Teresa$3RMLV155812$0105288 801 3$aIT$bIT-01$c20121121 850 $aIT-FR0098 899 $aBiblioteca Area Giuridico Economica$bFR0098 912 $aRML0264608 950 0$aBiblioteca Area Giuridico Economica$d 53TER 332.10945/2$e 53VM 0000348785 VM barcode:ECO013280. - Inventario:5877. - Fondo:Sala consultazioneVM$fA $h20030903$i20121204 977 $a 53 996 $aCredito agli enti locali in Italia e in Europa$9663663 997 $aUNICAS